Beuthen. Zone 4 Col. XX /

Korporativní autor: Rakousko-Uhersko. Militärgeographisches Institut
Další autoři: Triltsch, K., Ginzkey, Franz Karl, 1871-1963
Jazyk: Němčina
Polština
Vydáno: [Wien] : K.u.k. Militärgeographisches Institut, 1914
Edice: Třetí vojenské mapování 1:75 000 ; 3862, 1914
Spezialkarte der österreich-ungarischen Monarchie 1:75 000 ; 3862, 1914
Témata:
Externí odkaz: Digitalizovaný dokument
Fyzický popis: 1 mapa : černobílá ; 38 x 48 cm, na listu 44 x 54 cm
Mapy
Uloženo v:
LEADER 02420nem a2200553 i 4500
001 001504380
003 CZ BrMZK
005 20210917143414.0
007 aj|aanzn
008 160111s1914 au a 0| ger d
034 1 |a a  |b 75000  |d E0185000  |e E0192000  |f N0503000  |g N0501500 
040 |a BOA001  |b cze  |e rda 
041 0 |a ger  |a pol 
043 |a e-pl--- 
072 7 |a 623  |x Vojenská technika  |2 Konspekt  |9 19 
072 7 |a 912  |x Mapy. Atlasy. Glóby  |2 Konspekt  |9 7 
080 |a 623.64  |2 MRF 
080 |a 913(438)  |2 MRF 
080 |a (084.3)528.42  |2 MRF 
080 |a (084.3)355/359  |2 MRF 
110 1 |a Rakousko-Uhersko.  |b Militärgeographisches Institut  |7 kn20060405003  |4 ctg  |4 pbl 
245 1 0 |a Beuthen.  |p Zone 4 Col. XX /  |c K.u.k. Militärgeographisches Institut ; Geripp: Assist. K. Triltsch ; Terrain: Offic: K. Ginzkey 
246 3 |a 3862 
246 3 0 |a Zone 4 Col. XX 
255 |a Měřítko 1:75 000  |c (E 18°50'00"--E 19°20'00"/N 50°30'00"--N 50°15'00") 
264 1 |a [Wien] :  |b K.u.k. Militärgeographisches Institut,  |c 1914 
300 |a 1 mapa :  |b černobílá ;  |c 38 x 48 cm, na listu 44 x 54 cm 
336 |a kartografický obraz  |b cri  |2 rdacontent 
337 |a bez média  |b n  |2 rdamedia 
338 |a list  |b nb  |2 rdacarrier 
490 1 |a [Die Franzisco-Josephinische Landesaufnahme 1:75 000] ;  |v 3862, 1914 
490 1 |a [Spezialkarte der österreich-ungarischen Monarchie im Maße 1:75 000] ;  |v 3862, 1914 
500 |a Jednobarevný otisk 
500 |a Další údaje o vydání: 1900 ; Nachtr. 12. VIII. 1908 
562 |a Původně přeloženo na 1/2  |5 CZ-BrMZK 
650 7 |a vojenská topografie  |7 ph316247  |2 czenas 
651 7 |a Bytom (Polsko : oblast)  |7 ge1117871  |2 czenas 
655 7 |a topografické mapy  |7 fd809173  |2 czenas 
655 7 |a vojenské mapy  |7 fd133817  |2 czenas 
700 1 |a Triltsch, K.  |4 ctg 
700 1 |a Ginzkey, Franz Karl,  |d 1871-1963  |7 jn20030924020  |4 ctg 
787 0 8 |t Übersichtsblatt der Spezialkarte 1:75 000  |w 1504372 
830 0 |a Třetí vojenské mapování 1:75 000 ;  |v 3862, 1914 
830 0 |a Spezialkarte der österreich-ungarischen Monarchie 1:75 000 ;  |v 3862, 1914 
856 4 1 |u http://www.digitalniknihovna.cz/mzk/uuid/uuid:9cfb7920-8250-4d81-b4af-b11ccadfa559  |y Digitalizovaný dokument 
910 |a BOA001  |b Mpa-0081.473,3862-14 
990 |a MP 
991 |b 201601 
994 |a PAR  |l MZK01  |b 001504372  |m 3862 Beuthen. 1914  |n Übersichtsblatt der Spezialkarte 1:75 000